| 000 | 00622nam a22002177a 4500 | ||
|---|---|---|---|
| 003 | URS | ||
| 005 | 20250828100516.0 | ||
| 008 | 250325b ||||| |||| 00| 0 eng d | ||
| 040 | _cURS | ||
| 050 |
_aBF315.5 _b.C45 2012 |
||
| 100 |
_911609 _aCholle, Francis P. |
||
| 245 |
_aThe Intuitive Compass _bWhy the Best Decisions Balance Reason and Instinct |
||
| 264 |
_aCalifornia _bJossey-Bass _c©2012 |
||
| 336 |
_2rdacontent _atext |
||
| 337 |
_2rdacontent _atext |
||
| 338 |
_2rdacarrier _avolume |
||
| 650 | 0 |
_911610 _aIntuition |
|
| 650 | 0 |
_91074 _aProblem solving |
|
| 650 | 0 |
_94047 _aDecision making |
|
| 942 |
_2lcc _cCR |
||
| 999 |
_c85081 _d85079 |
||